| 000 | 00609nam a2200217Ia 4500 | ||
|---|---|---|---|
| 003 | OSt | ||
| 005 | 20240930094343.0 | ||
| 008 | 210719s2001 xx 000 0 und d | ||
| 040 | _cAL | ||
| 041 | _aTulu | ||
| 082 | _aT894.2 TIMC | ||
| 100 |
_aTIMMAPPA (M) _dತಿಮ್ಮಪ್ಪ (ಎ೦) _9180719 |
||
| 245 |
_aChandredanti bana _bಚಂದ್ರೆ ದಾಂತಿ ಬಾನ |
||
| 260 |
_aBelthangadi _bPrajvala Prakashana _c2001 |
||
| 300 |
_a52 _bPB |
||
| 365 |
_b25 _cRs |
||
| 650 |
_aTulu Drama _9180720 |
||
| 650 |
_aTulu Drama _9180720 |
||
| 906 | _abana ; Chandredanti | ||
| 942 |
_2ddc _cBK |
||
| 999 |
_c214714 _d214714 |
||